000 00350nam a2200133Ia 4500
008 240624s9999 xx 000 0 und d
041 _aeng
082 _a158.1 ROB
100 _aROBINSON W JANE
245 _aDIVINE DECLARATION AWAKEN TO YOUR DIVINE
260 _c2007
_aNew Delhi
_bMacmillan
300 _axii, : 235 : p. : cm. ; 22
365 _cRS
_b35
999 _c8010
_d8010